Manual del pequeño cooperativista /
Guardado en:
| Formato: | Libro |
|---|---|
| Publicado: |
Argentina :
Idelcoop,
1988
|
| Edición: | 3a. ed. |
| Materias: | |
| Etiquetas: |
Agregar Etiqueta
Sin Etiquetas, Sea el primero en etiquetar este registro!
|
| LEADER | 00419nam a22001575a 4500 | ||
|---|---|---|---|
| 001 | CEM.cems003392 | ||
| 005 | 19000101000000.0 | ||
| 008 | 130507s1988##################000#0#####d | ||
| 003 | CEMS | ||
| 082 | 0 | 4 | |a 334 |
| 245 | 0 | 0 | |a Manual del pequeño cooperativista / |
| 250 | |a 3a. ed. | ||
| 260 | |a Argentina : |b Idelcoop, |c 1988 | ||
| 300 | |a 31 p. | ||
| 653 | |a Cooperativismo | ||
| 859 | |a CEMS |b BIB. CEMS - 11 de abril |h 334 |i Id2 |p 16759.92 |t Ej.1 | ||
